000 00193 a2200097 4500
001 23603
100 _aToynbee, A
245 _aExperiences
260 _a
_bOxford
_c1969
090 _c15988
_d15988
942 _aNUST-CAE
_cM
_c6655
999 _c258676
_d258676